000 00821nam a2200265Ia 4500
003 OSt
005 20220925232538.0
006 a|||||r|||| 00| 0
007 ta
008 220923b |||||||| |||| 00| 0 eng d
037 _cGeneral Book
040 _aRTL
_cRTL
_beng
041 _2eng
_aeng
082 _aX625.2.N9, P0/GD
100 _aNachane D M, and others
_9297449
245 0 _aCapital adequacy requirements and the behaviour of Commercial Banks
260 _aMumbai
_bR B I
_c2000
300 _a116p
_ccm.
490 _aReserve Bank of India, Development Research Group Study; 22
500 _aBibliography: P 109-16
650 _a Economics
650 _aCommercial Bank
_9230945
942 _hX625.2.N9, P0/GD
_cGB
_2CC
999 _c591589
_d591589